|
|
|
|
| LEADER |
00000cam a2200000 4500 |
| 001 |
vtls012054823 |
| 003 |
SK-MaSNL |
| 005 |
20260301203550.0 |
| 008 |
210519s2020 xo ga brp 000 0 hun |
| 015 |
|
|
|a SNBA2021/07
|
| 020 |
|
|
|a 9788010037797
|q (brožované)
|
| 040 |
|
|
|a SNK
|b slo
|c SNK
|e rda
|
| 041 |
0 |
|
|a hun
|
| 044 |
|
|
|a xo
|c SK
|
| 072 |
|
7 |
|a 78
|x Hudba
|2 konspekt
|
| 080 |
|
|
|a 78:37.016
|2 2011
|
| 080 |
|
|
|a (075.2)
|2 2011
|
| 100 |
1 |
|
|a Orsovics, Yvette
|4 aut
|9 69760
|
| 245 |
1 |
0 |
|a Zenei nevelés
|b az alapiskola 1. osztálya számára
|c Orsovics Yvette
|
| 246 |
3 |
1 |
|a Hudobná výchova
|b pre 1. ročník základnej školy s vyučovacím jazykom maďarským
|
| 250 |
|
|
|a Tizenkettedik kiadás
|
| 264 |
|
1 |
|a Bratislava
|b Slovenské pedagogické nakladateľstvo
|c 2020
|
| 300 |
|
|
|a 72 strán, 1 dvojlist
|b farebné ilustrácie, noty
|c 30 cm
|
| 336 |
|
|
|a text
|b txt
|2 rdacontent
|
| 336 |
|
|
|a statický obraz
|b sti
|2 rdacontent
|
| 337 |
|
|
|a bez média
|b n
|2 rdamedia
|
| 338 |
|
|
|a zväzok
|b nc
|2 rdacarrier
|
| 546 |
|
|
|a Súbežný názov a tiráž v slovenčine
|
| 650 |
0 |
7 |
|a hudobná výchova
|2 SNKPH
|9 1662
|
| 650 |
0 |
7 |
|a Musical learning and teaching
|2 SNKPHeng
|9 275488
|
| 650 |
0 |
7 |
|a základné školy s vyučovacím jazykom maďarským
|2 SNKPH
|9 87207
|
| 655 |
|
7 |
|a učebnice základných škôl
|2 SNKPH
|9 70187
|
| 655 |
|
7 |
|a Textbooks (elementary)
|2 SNKPHeng
|9 276977
|
| 700 |
1 |
|
|a Suchalová Harichová, Ľubica,
|d 1958-
|4 ill
|9 239876
|
| 710 |
2 |
|
|a Slovenské pedagogické nakladateľstvo - Mladé letá
|4 pbl
|9 211357
|
| 919 |
|
|
|a 978-80-10-03779-7
|
| 958 |
|
|
|a HU
|
| 999 |
|
|
|c 903039
|d 904969
|
| 952 |
|
|
|a SNK
|b SNK
|y PREZ
|7 0
|p 17A1454284
|o snkSB 96628
|i snk2021/5177
|8 0
|0 0
|1 0
|4 0
|d 2021-05-19
|f 1
|l 0
|r 2025-05-19 00:00:00
|w 2026-02-24
|
| 952 |
|
|
|a SNK
|b SNK
|y VYP
|7 0
|p 17A1454285
|o snkSB 96628 D1
|i snk2021/5179
|8 0
|0 0
|1 0
|4 0
|d 2021-05-19
|l 0
|r 2026-02-24 07:19:21
|w 2026-02-24
|